| 000 | 00515nam a2200181Ia 4500 | ||
|---|---|---|---|
| 005 | 20250606153938.0 | ||
| 008 | 008 250516s9999 xx 000 0 eng d | ||
| 020 | _a9788178246932 | ||
| 040 |
_beng _cSDCL |
||
| 041 |
_aeng _2eng |
||
| 084 | _aV2:9'P R4 | ||
| 100 |
_aSridharan _9809932 |
||
| 245 | 0 |
_aElections, parties, and coalitions in India : _bTheory and recent history |
|
| 260 |
_aNew Delhi : _bPermanent Black, _c2024. |
||
| 300 | _axii, 359p. | ||
| 650 | _aPolitical Science | ||
| 942 |
_cTEXL _2CC |
||
| 999 |
_c1430250 _d1430250 |
||